Complete the book titles Quiz Stats

 Plays Quiz not verified by Sporcle

Challenge
Share
Tweet
Embed
Score 0/59 Timer 10:00
0 Plays Today
% Correct
Stone
95.8%
Peace
95.8%
Mockingbird
95.8%
Wind
95.8%
Gatsby
95.8%
Four
95.8%
Eyre
95.8%
Flies
95.8%
Wonderland
95.8%
Women
95.8%
The Galaxy
95.8%
Nile
95.8%
Prejudice
94.4%
Copperfield
94.4%
Grey
94.4%
Wardrobe
94.4%
Wrath
94.4%
Runner
94.4%
Men
94.4%
Farm
94.4%
India
94.4%
Chocolate Factory
94.4%
Pyjamas
94.4%
Karenina
94.4%
Whisperer
93%
Kid
93%
Lost
93%
Purple
93%
Named Desire
93%
Rye
91.5%
% Correct
Down
91.5%
Web
91.5%
Tale
91.5%
Obscure
91.5%
Park
90.1%
House
90.1%
Caterpillar
90.1%
Rabbit
90.1%
Bones
88.7%
Between
88.7%
The Only Fruit
87.3%
Day
85.9%
Revisited
85.9%
Substance
84.5%
Tea
78.9%
Faith
77.5%
Attic
77.5%
Bath
76.1%
Bridge
74.6%
Alice
70.4%
Sword
70.4%
Tom
69%
Beaker
69%
Floss
64.8%
Seekers
63.4%
Children
56.3%
Garden
56.3%
New Forest
56.3%
Detectives
52.1%

You're not logged in!

Compare scores with friends on all Sporcle quizzes.
OR
Log In

You Might Also Like...

Show Comments

Extras

Top Quizzes Today


Score Distribution

Your Account Isn't Verified!

In order to create a playlist on Sporcle, you need to verify the email address you used during registration. Go to your Sporcle Settings to finish the process.

Report this User

Report this user for behavior that violates our Community Guidelines.

Details: